| 000 | 00607nam a2200205Ia 4500 | ||
|---|---|---|---|
| 003 | OSt | ||
| 005 | 20250915121841.0 | ||
| 008 | 220926b |||||||| |||| 00| 0 eng d | ||
| 037 | _cReference | ||
| 040 |
_aRTL _cRTL _beng |
||
| 041 |
_2eng _aeng |
||
| 084 |
_aRxK46:g M4/SC _qRTL |
||
| 100 |
_aRoss, G. Macdonald _9371058 |
||
| 245 | 0 | _aLeibmiz | |
| 260 |
_aOxford _bOxford University Press _c1984 |
||
| 300 |
_a121 p. _bIncludes bibliographical reference and index |
||
| 650 |
_aPhilosophy _9821411 |
||
| 942 |
_hRxK46:g M4/SC _cREF _2CC _n0 |
||
| 999 |
_c691301 _d691301 |
||